000 01020nam a2200253 i 4500
005 20260511163359.0
008 260511s2025 my a br6 000 0 may d
020 _a9786297708331
_cRM14.00
_qpaperback
040 _aPPAK
_beng
_cPPAK
_erda
082 0 4 _223
_a741.5088297
090 0 0 _a741.5088297
_bSAF
_dK
100 0 _aSaf,
_eauthor.
245 1 0 _aMISI MIZI DALAM EPISOD :
_bAL-QURAN DAN SAINS.
_n#1 /
_cKarya SAF ; EDITOR JUNIOR: Nurul Khalisa Mohamad Nor Khalis
264 1 _aBatu Caves, Selangor :
_bPTS KOMIKM Sdn Bhd.,
_c2025
300 _a105 pages :
_billustrations ;
_c20 cm
336 _atext
_2rdacontent
337 _aunmediated
_2rdamedia
338 _avolume
_2rdacarrier
500 _aContains translations of verses from the Qur'an and quotes from the Hadith.
650 1 0 _aComic books, strips, etc.
_xIslam and science
650 2 0 _aReligious life
_xIslam
_vComic books, strips, etc.
700 0 _aNurul Khalisa Mohamad Nor Khalis,
_eeditor.
942 _2ddc
_cB
999 _c204166
_d204166